=LDR 00000nam 2200000 4500 =001 INLIS000000000048093 =005 20200511091915 =035 ##$$a 0010-041600000000074 =008 200511################g##########0#ind## =082 ##$$a 2x3.2 =100 ##$$a Asykur, Abdul Ghani =245 1#$$a Membuka rahasia alam malaikat /$c Abdul Ghani Asykur =260 ##$$a Jogjakarta :$b Bintang Pelajar,$c 1987 =300 ##$$a 160 Hlm ; $c 20 x 13 cm =850 ##$$a BPAP =084 ##$$a 2x3.2 ASY m =650 #4$$a Islam =990 ##$$a 0001/BPAP-NTB/2016 =990 ##$$a 141.223/pro.99